| 000 | 004830000a22001570004500 | ||
|---|---|---|---|
| 003 | MACL | ||
| 005 | 20180117162917.0 | ||
| 008 | 180117b xxu||||| |||| 00| 0 eng d | ||
| 040 | _cmacl | ||
| 100 |
_aउर्मिकृष्ण _970079 |
||
| 245 | _aचुनी बुनी कहानियॉ | ||
| 260 |
_aदिल्ली _bसूर्य भारती _c2011 |
||
| 350 | _a175 | ||
| 650 |
_aकहानियॉ _970080 |
||
| 942 |
_cHIN _k891.433/KIS/S _2ddc |
||
| 999 |
_c47237 _d47237 |
||